[Event "Bucharest Super Rapid op"]
[Site "Bucharest"]
[Date "2022.05.01"]
[Round "5"]
[White "Tomici, Stefan"]
[Black "Sivuk, Vitaly"]
[Result "0-1"]
[WhiteElo "2268"]
[BlackElo "2518"]
[PlyCount "60"]
[EventDate "2022.04.30"]
[EventType "swiss (rapid)"]
[EventRounds "10"]
[EventCountry "ROU"]
[SourceTitle "CBM 208 Extra"]
[Source "ChessBase"]
[SourceDate "2022.07.31"]
[SourceVersion "1"]
[SourceVersionDate "2022.07.31"]
[SourceQuality "1"]

1. e4 c5 2. Nf3 d6 3. d4 cxd4 4. Nxd4 Nf6 5. Nc3 a6 6. f3 e5 7. Nb3 Be6 8. Be3 h5 9. Qd2 Nbd7 10. 0-0-0 Be7 11. Kb1 Rc8 12. Nd5 Bxd5 13. exd5 Nb6 14. Bxb6 Qxb6 15. c4 Nd7 16. Bd3 Bf6 17. Qe2 g6 18. h4 Kd8 19. Be4 a5 20. Rc1 a4 21. Nd2 Nc5 22. Rc2 Be7 23. g4 hxg4 24. fxg4 Rxh4 25. Rxh4 Bxh4 26. Nf3 Bg3 27. Rc1 Bf4 28. Rh1 a3 29. b3 Nxe4 30. Qxe4 Qf2 0-1

[Event "ROM-chT div-A"]
[Site "Mamaia"]
[Date "2019.09.28"]
[Round "8.3"]
[White "Tomici, Stefan"]
[Black "Ceres, Dragos"]
[Result "1/2-1/2"]
[WhiteElo "2297"]
[BlackElo "2302"]
[PlyCount "23"]
[EventDate "2019.09.21"]
[EventType "team-tourn"]
[EventRounds "9"]
[EventCountry "ROU"]
[SourceTitle "EXT 2020"]
[Source "ChessBase"]
[SourceDate "2019.10.17"]
[SourceVersion "1"]
[SourceVersionDate "2019.10.17"]
[SourceQuality "1"]
[WhiteTeam "Ploiesti Universitar"]
[BlackTeam "Urziceni Viitorul"]
[WhiteTeamCountry "ROU"]
[BlackTeamCountry "ROU"]

1. e4 e5 2. Nf3 Nc6 3. Nc3 Nf6 4. Bb5 Bb4 5. 0-0 0-0 6. d3 Bxc3 7. bxc3 d6 8. h3 Qe7 9. Re1 Bd7 10. Ba4 a6 11. Bb3 Na5 12. d4 1/2-1/2

[Event "ROM-chT div-A"]
[Site "Mamaia"]
[Date "2019.09.21"]
[Round "1.2"]
[White "Tomici, Stefan"]
[Black "Luncasu, Raul Ionut"]
[Result "1/2-1/2"]
[WhiteElo "2297"]
[BlackElo "2169"]
[PlyCount "103"]
[EventDate "2019.09.21"]
[EventType "team-tourn"]
[EventRounds "9"]
[EventCountry "ROU"]
[SourceTitle "EXT 2020"]
[Source "ChessBase"]
[SourceDate "2019.10.17"]
[SourceVersion "1"]
[SourceVersionDate "2019.10.17"]
[SourceQuality "1"]
[WhiteTeam "Ploiesti Universitar"]
[BlackTeam "Buzau Phoenix"]
[WhiteTeamCountry "ROU"]
[BlackTeamCountry "ROU"]

1. c4 c5 2. Nc3 Nc6 3. g3 e6 4. Bg2 Nf6 5. Nf3 d5 6. cxd5 exd5 7. d4 Be7 8. 0-0 cxd4 9. Nxd4 0-0 10. Bf4 Bg4 11. h3 Be6 12. Rc1 Rc8 13. Na4 Nxd4 14. Qxd4 Qa5 15. b3 Ba3 16. Rxc8 Rxc8 17. Be5 b5 18. Bxf6 gxf6 19. Nb2 Qc3 20. Qxc3 Rxc3 21. Nd3 Rc2 22. Nf4 Rxa2 23. Rd1 Bb2 24. Bxd5 Bxd5 25. Nxd5 a5 26. Kg2 a4 27. bxa4 bxa4 28. Nb4 Ra3 29. Rd3 Ra1 30. Nc2 Rc1 31. Na3 Ra1 32. Nc2 Rc1 33. Na3 Bxa3 34. Rxa3 Rc4 35. Rd3 Kf8 36. Rd7 Rc2 37. Ra7 Rxe2 38. Rxa4 Ke7 39. Rg4 Kf8 40. Kf3 Re5 41. Re4 Ra5 42. h4 Kg7 43. Rg4+ Kf8 44. Rb4 Kg7 45. g4 Rc5 46. Kg3 Ra5 47. f3 Rc5 48. h5 h6 49. Kf4 Ra5 50. Rd4 Rc5 51. Ke4 Re5+ 52. Kf4 1/2-1/2

[Event "Arad op 12th"]
[Site "Arad"]
[Date "2019.07.28"]
[Round "6"]
[White "Luca, Ionel"]
[Black "Tomici, Stefan"]
[Result "1/2-1/2"]
[WhiteElo "2039"]
[BlackElo "2329"]
[PlyCount "40"]
[EventDate "2019.07.24"]
[EventType "swiss"]
[EventRounds "9"]
[EventCountry "ROU"]
[SourceTitle "CBM 191 Extra"]
[Source "ChessBase"]
[SourceDate "2019.09.30"]
[SourceVersion "1"]
[SourceVersionDate "2019.09.30"]
[SourceQuality "1"]

1. c4 e5 2. Nc3 Be7 3. g3 f5 4. Bg2 Nf6 5. Nf3 d6 6. c5 0-0 7. cxd6 cxd6 8. Qb3+ Kh8 9. Ng5 d5 10. d4 exd4 11. Nxd5 Nxd5 12. Bxd5 Bxg5 13. Bxg5 Qxg5 14. Bxb7 Bxb7 15. Qxb7 Nc6 16. Qxc6 Rac8 17. Qa4 Rc1+ 18. Rxc1 Qxc1+ 19. Qd1 Qxb2 20. 0-0 h6 1/2-1/2

[Event "Arad op 12th"]
[Site "Arad"]
[Date "2019.07.24"]
[Round "1"]
[White "Tomici, Stefan"]
[Black "Gheorghiu, Alexandru Dan"]
[Result "1-0"]
[WhiteElo "2329"]
[BlackElo "1796"]
[PlyCount "109"]
[EventDate "2019.07.24"]
[EventType "swiss"]
[EventRounds "9"]
[EventCountry "ROU"]
[SourceTitle "CBM 191 Extra"]
[Source "ChessBase"]
[SourceDate "2019.09.30"]
[SourceVersion "1"]
[SourceVersionDate "2019.09.30"]
[SourceQuality "1"]

1. c4 e6 2. Nf3 d5 3. g3 Nf6 4. Bg2 Bd6 5. 0-0 Nbd7 6. b3 0-0 7. Bb2 Re8 8. Nc3 c6 9. Qc2 a6 10. d4 b5 11. Rac1 Bb7 12. Rfd1 Rc8 13. c5 Bc7 14. Nb1 Ne4 15. Ne5 f5 16. Nxd7 Qxd7 17. Nd2 a5 18. Nf3 b4 19. Ne5 Qe7 20. f3 Nf6 21. Qd2 Nd7 22. Qe3 Bb8 23. f4 Ba6 24. Ra1 Bb5 25. a3 bxa3 26. Rxa3 Bc7 27. Bc3 Ra8 28. Rda1 Nb8 29. Bxa5 Bxa5 30. Rxa5 Rxa5 31. Rxa5 Qc7 32. Ra3 Na6 33. Qd2 Ra8 34. e3 Qb7 35. Kf2 Kf8 36. Bf3 Ke8 37. g4 Nc7 38. Qa2 Rxa3 39. Qxa3 Qa6 40. Qxa6 Nxa6 41. Ke1 Nb8 42. Kd2 Kd8 43. gxf5 exf5 44. Nf7+ Kc7 45. Nd6 g6 46. Nxb5+ cxb5 47. Bxd5 Nd7 48. Bf3 Nf6 49. d5 h6 50. h4 b4 51. Kd3 Nh7 52. Kc4 g5 53. hxg5 hxg5 54. fxg5 Nxg5 55. Bg2 1-0

[Event "Jupiter Fisca op"]
[Site "Jupiter"]
[Date "2019.06.28"]
[Round "8"]
[White "Tomici, Stefan"]
[Black "Antova, Gabriela"]
[Result "1-0"]
[WhiteElo "2329"]
[BlackElo "2257"]
[PlyCount "107"]
[EventDate "2019.06.22"]
[EventType "swiss"]
[EventRounds "9"]
[EventCountry "ROU"]
[SourceTitle "CBM 191 Extra"]
[Source "ChessBase"]
[SourceDate "2019.09.30"]
[SourceVersion "1"]
[SourceVersionDate "2019.09.30"]
[SourceQuality "1"]

1. Nf3 d5 2. c4 e6 3. g3 Nf6 4. Bg2 Be7 5. 0-0 0-0 6. b3 d4 7. e3 c5 8. Bb2 Nc6 9. exd4 cxd4 10. Qe2 Bc5 11. Ne5 Nxe5 12. Qxe5 Nd7 13. Qe2 e5 14. d3 Re8 15. Nd2 f5 16. Nf3 Qe7 17. a3 a5 18. Rfe1 Kh8 19. Qd2 Qf8 20. Re2 Bd6 21. Rae1 Rd8 22. c5 Nxc5 23. Nxe5 Be6 24. Qg5 Bg8 25. b4 axb4 26. axb4 Bxe5 27. bxc5 Bf6 28. Qxf5 Ra5 29. Bxb7 Rxc5 30. Qf3 Rb5 31. Be4 Bf7 32. Bc1 Rc8 33. Bf4 Bh5 34. g4 Bg5 35. Bxg5 Rxg5 36. Qxf8+ Rxf8 37. h3 Bg6 38. Bxg6 Rxg6 39. Re8 Kg8 40. Rxf8+ Kxf8 41. Re4 Rd6 42. f4 Kf7 43. Kg2 h5 44. gxh5 Rd5 45. Re5 Rd8 46. Kf3 Ra8 47. Ke4 Ra4 48. Rb5 Kf6 49. Rb6+ Kf7 50. h6 gxh6 51. Rxh6 Kg7 52. Rh5 Kg6 53. Rg5+ Kf6 54. h4 1-0

[Event "Jupiter Fisca op"]
[Site "Jupiter"]
[Date "2019.06.27"]
[Round "6"]
[White "Tomici, Stefan"]
[Black "Patrascu, Catalin Lucian"]
[Result "1/2-1/2"]
[WhiteElo "2329"]
[BlackElo "2292"]
[PlyCount "70"]
[EventDate "2019.06.22"]
[EventType "swiss"]
[EventRounds "9"]
[EventCountry "ROU"]
[SourceTitle "CBM 191 Extra"]
[Source "ChessBase"]
[SourceDate "2019.09.30"]
[SourceVersion "1"]
[SourceVersionDate "2019.09.30"]
[SourceQuality "1"]

1. Nf3 Nf6 2. c4 e6 3. g3 d5 4. Bg2 Be7 5. 0-0 0-0 6. b3 c5 7. Bb2 Nc6 8. e3 d4 9. exd4 cxd4 10. Qe2 Re8 11. d3 Bc5 12. Ne5 Nxe5 13. Qxe5 Nd7 14. Qe2 Nf6 15. Nd2 e5 16. Ne4 Nxe4 17. Bxe4 a5 18. a3 Ra6 19. f4 f5 20. Bd5+ Be6 21. fxe5 Bxd5 22. cxd5 Qxd5 23. Rxf5 g6 24. Rf2 Rae6 25. Raf1 Rxe5 26. Qc2 b6 27. Bc1 Re1 28. a4 Rxf1+ 29. Rxf1 Kg7 30. Bf4 h6 31. Qc4 Qxc4 32. bxc4 Re2 33. Rf2 Re1+ 34. Rf1 Re2 35. Rf2 Re1+ 1/2-1/2

[Event "Lvov Title Chase Winter GM"]
[Site "Lvov"]
[Date "2019.02.13"]
[Round "5"]
[White "Nikitenko, Mihail"]
[Black "Tomici, Stefan"]
[Result "1/2-1/2"]
[WhiteElo "2402"]
[BlackElo "2319"]
[PlyCount "59"]
[EventDate "2019.02.11"]
[EventType "tourn"]
[EventRounds "9"]
[EventCountry "UKR"]
[EventCategory "8"]
[SourceTitle "CBM 188 Extra"]
[Source "ChessBase"]
[SourceDate "2019.02.26"]
[SourceVersion "1"]
[SourceVersionDate "2019.02.26"]
[SourceQuality "1"]

1. e4 e6 2. d4 d5 3. Nd2 h6 4. Bd3 Nf6 5. e5 Nfd7 6. f4 c5 7. c3 cxd4 8. cxd4 Nc6 9. Ne2 Nb6 10. Nf3 Bd7 11. 0-0 a6 12. g4 Qc7 13. b3 0-0-0 14. a3 Kb8 15. f5 Rc8 16. Bd2 Na7 17. Nf4 Bb5 18. Bxb5 Nxb5 19. Ba5 Bxa3 20. fxe6 fxe6 21. Qd2 Qc6 22. Nd3 Na8 23. Ra2 Rhf8 24. Kg2 Be7 25. h3 Qe8 26. Nf4 Qf7 27. Nh5 Qg6 28. Nf4 Qf7 29. Nh5 Qg6 30. Nf4 1/2-1/2

[Event "Lvov Title Chase Winter GM"]
[Site "Lvov"]
[Date "2019.02.12"]
[Round "3"]
[White "Golubev, Mikhail"]
[Black "Tomici, Stefan"]
[Result "1-0"]
[WhiteElo "2479"]
[BlackElo "2319"]
[PlyCount "51"]
[EventDate "2019.02.11"]
[EventType "tourn"]
[EventRounds "9"]
[EventCountry "UKR"]
[EventCategory "8"]
[SourceTitle "CBM 188 Extra"]
[Source "ChessBase"]
[SourceDate "2019.02.26"]
[SourceVersion "1"]
[SourceVersionDate "2019.02.26"]
[SourceQuality "1"]

1. e4 e6 2. d4 d5 3. Nc3 Bb4 4. e5 b6 5. a3 Bf8 6. Nf3 Ne7 7. Bb5+ c6 8. Ba4 a5 9. Ne2 Ba6 10. c3 Nd7 11. 0-0 c5 12. Re1 b5 13. Bc2 Nc6 14. Nf4 cxd4 15. Nxe6 fxe6 16. Nxd4 Ncxe5 17. Nxe6 Qb6 18. Rxe5 Nxe5 19. Qxd5 Nc6 20. Be3 Qb7 21. Qh5+ g6 22. Bxg6+ hxg6 23. Qxg6+ Kd7 24. Rd1+ Bd6 25. Nc5+ Kc8 26. Rxd6 1-0

[Event "Lvov Title Chase Winter GM"]
[Site "Lvov"]
[Date "2019.02.12"]
[Round "2"]
[White "Tomici, Stefan"]
[Black "Galperin, Platon"]
[Result "1-0"]
[WhiteElo "2319"]
[BlackElo "2439"]
[PlyCount "67"]
[EventDate "2019.02.11"]
[EventType "tourn"]
[EventRounds "9"]
[EventCountry "UKR"]
[EventCategory "8"]
[SourceTitle "CBM 188 Extra"]
[Source "ChessBase"]
[SourceDate "2019.02.26"]
[SourceVersion "1"]
[SourceVersionDate "2019.02.26"]
[SourceQuality "1"]

1. Nf3 d5 2. c4 d4 3. g3 Nc6 4. Bg2 e5 5. 0-0 e4 6. Ne1 h5 7. d3 h4 8. Bxe4 Bh3 9. Ng2 Qd7 10. Bf4 Nf6 11. Bf3 Bd6 12. Bxd6 Qxd6 13. Nd2 g5 14. Qb3 0-0-0 15. c5 Qe7 16. Qa4 Nd5 17. Rfe1 hxg3 18. hxg3 Qe6 19. e4 Ndb4 20. e5 Qh6 21. Be4 Bg4 22. f3 Bh3 23. Nf1 Bxg2 24. Kxg2 Nc2 25. Kf2 Nxa1 26. Rxa1 a6 27. Re1 Qe6 28. g4 Kb8 29. Bxc6 bxc6 30. Qxa6 Rd5 31. Rc1 Qxe5 32. Rc4 Rh2+ 33. Kg1 Rxb2 34. Ra4 1-0

[Event "Arad op 11th"]
[Site "Arad"]
[Date "2018.08.12"]
[Round "9"]
[White "Filip, Lucian Ioan"]
[Black "Tomici, Stefan"]
[Result "1/2-1/2"]
[WhiteElo "2426"]
[BlackElo "2306"]
[PlyCount "62"]
[EventDate "2018.08.05"]
[EventType "swiss"]
[EventRounds "9"]
[EventCountry "ROU"]
[SourceTitle "CBM 185 Extra"]
[Source "ChessBase"]
[SourceDate "2018.07.29"]
[SourceVersion "1"]
[SourceVersionDate "2018.07.29"]
[SourceQuality "1"]

1. d4 e6 2. Nf3 Nf6 3. c4 Bb4+ 4. Bd2 Qe7 5. g3 Nc6 6. Nc3 0-0 7. Bg2 d6 8. 0-0 a5 9. Rc1 Bxc3 10. Bxc3 e5 11. d5 Nb8 12. c5 Ne4 13. cxd6 cxd6 14. Nd2 Nxc3 15. Rxc3 b5 16. Qb3 Bd7 17. Rcc1 Na6 18. Qe3 f5 19. Nb3 Qd8 20. Qd2 b4 21. f4 Qb6+ 22. Kh1 a4 23. Na1 e4 24. Nc2 Qb5 25. Rfd1 Rac8 26. Bf1 b3 27. axb3 axb3 28. Nd4 Qxd5 29. e3 Qb7 30. Nxb3 Qxb3 31. Bxa6 Rxc1 1/2-1/2

[Event "Arad op 11th"]
[Site "Arad"]
[Date "2018.08.09"]
[Round "6"]
[White "Tomici, Stefan"]
[Black "Mozes, Ervin"]
[Result "1/2-1/2"]
[WhiteElo "2306"]
[BlackElo "2143"]
[PlyCount "90"]
[EventDate "2018.08.05"]
[EventType "swiss"]
[EventRounds "9"]
[EventCountry "ROU"]
[SourceTitle "CBM 185 Extra"]
[Source "ChessBase"]
[SourceDate "2018.07.29"]
[SourceVersion "1"]
[SourceVersionDate "2018.07.29"]
[SourceQuality "1"]

1. e4 Nf6 2. e5 Nd5 3. d4 d6 4. c4 Nb6 5. exd6 exd6 6. Nc3 Be7 7. Bd3 0-0 8. Nge2 Nc6 9. b3 Re8 10. 0-0 Bf6 11. Bb2 Bg4 12. f3 Bh5 13. Ne4 Bg6 14. Nxf6+ Qxf6 15. Bxg6 fxg6 16. Qd2 d5 17. c5 Nd7 18. Rae1 Qf7 19. Nf4 g5 20. Nd3 h6 21. b4 a6 22. Bc3 Rxe1 23. Rxe1 Re8 24. a4 Rxe1+ 25. Qxe1 Qe7 26. Qxe7 Nxe7 27. Kf2 c6 28. g4 Ng6 29. Ke3 Kf7 30. Be1 Ndf8 31. Bg3 Ne6 32. Nc1 Ke8 33. Ne2 Kd7 34. Nc3 Kc8 35. b5 axb5 36. axb5 Kd7 37. b6 Ngf4 38. Nd1 Ng2+ 39. Kd3 Ngf4+ 40. Bxf4 gxf4 41. h4 g5 42. h5 Nd8 43. Nf2 Nf7 44. Kc3 Kc8 45. Nd3 Kd7 1/2-1/2

[Event "Lvov Vasylyshyn Memorial-A 14th"]
[Site "Lvov"]
[Date "2017.11.29"]
[Round "1"]
[White "Tomici, Stefan"]
[Black "Zakhartsov, Viacheslav V"]
[Result "1/2-1/2"]
[WhiteElo "2341"]
[BlackElo "2543"]
[PlyCount "41"]
[EventDate "2017.11.29"]
[EventType "tourn"]
[EventRounds "9"]
[EventCountry "UKR"]
[EventCategory "7"]
[SourceTitle "EXT 2019"]
[Source "ChessBase"]
[SourceDate "2018.10.10"]
[SourceVersion "1"]
[SourceVersionDate "2018.10.10"]
[SourceQuality "1"]

1. e4 c5 2. Be2 Nc6 3. f4 g6 4. Nf3 Bg7 5. 0-0 d6 6. d3 Nf6 7. Qe1 c4 8. Kh1 cxd3 9. Bxd3 Nd7 10. Nc3 Nb4 11. Be3 b6 12. Rd1 0-0 13. f5 Nxd3 14. cxd3 e6 15. Bg5 f6 16. Bc1 Ne5 17. fxg6 Nxg6 18. d4 Ba6 19. Rf2 Qd7 20. Rc2 Rac8 21. Qg3 1/2-1/2

[Event "ROM-chT"]
[Site "Calimanesti Caciulata"]
[Date "2016.11.27"]
[Round "9.2"]
[White "Stoleriu, George"]
[Black "Tomici, Stefan"]
[Result "1/2-1/2"]
[WhiteElo "2187"]
[BlackElo "2275"]
[PlyCount "30"]
[EventDate "2016.11.19"]
[EventType "team-tourn"]
[EventRounds "9"]
[EventCountry "ROU"]
[SourceTitle "CBM 175 Extra"]
[Source "ChessBase"]
[SourceDate "2016.12.12"]
[SourceVersion "1"]
[SourceVersionDate "2016.12.12"]
[SourceQuality "1"]
[WhiteTeam "Iasi Politehnica"]
[BlackTeam "Timisoara Medicina"]
[WhiteTeamCountry "ROU"]
[BlackTeamCountry "ROU"]

1. e4 e5 2. Nf3 Nc6 3. Bb5 Nf6 4. d3 Bc5 5. 0-0 d6 6. c3 0-0 7. Re1 a6 8. Ba4 Ba7 9. Nbd2 Ne7 10. Nf1 Ng6 11. h3 c6 12. Bb3 h6 13. d4 Qc7 14. a4 Re8 15. Qc2 Bd7 1/2-1/2

[Event "ROM-ch U20"]
[Site "Calimanesti Caciulata"]
[Date "2016.04.20"]
[Round "3"]
[White "Gheorghiu, Calin"]
[Black "Tomici, Stefan"]
[Result "1/2-1/2"]
[WhiteElo "2326"]
[BlackElo "2359"]
[PlyCount "76"]
[EventDate "2016.04.18"]
[EventType "tourn"]
[EventRounds "7"]
[EventCountry "ROU"]
[SourceTitle "CBM 172 Extra"]
[Source "ChessBase"]
[SourceDate "2016.06.21"]
[SourceVersion "1"]
[SourceVersionDate "2016.06.21"]
[SourceQuality "1"]

1. d4 d5 2. c4 e6 3. Nc3 Nf6 4. cxd5 exd5 5. Bg5 Be7 6. e3 0-0 7. Bd3 Nbd7 8. Qc2 c6 9. Nf3 Re8 10. 0-0 Nf8 11. h3 Ng6 12. Bxf6 Bxf6 13. b4 Be7 14. b5 Bd6 15. bxc6 bxc6 16. e4 Nf4 17. e5 Nxd3 18. Qxd3 Be7 19. Rac1 Qa5 20. Rfe1 Be6 21. Nd2 Rab8 22. Nb3 Qa3 23. f4 g6 24. Kh1 Bf5 25. Qe2 Bb4 26. Rf1 Bxc3 27. Rxc3 a5 28. Re3 Qb4 29. Rd1 Rb5 30. Nc5 Rxc5 31. dxc5 d4 32. Rb3 Qxc5 33. Qb2 d3 34. Rb8 Rxb8 35. Qxb8+ Kg7 36. Qd8 Qc2 37. Qf6+ Kg8 38. Qd8+ Kg7 1/2-1/2

[Event "ROM-ch"]
[Site "Olanesti"]
[Date "2016.04.06"]
[Round "5"]
[White "Pit Rada, Mihail Cosmin"]
[Black "Tomici, Stefan"]
[Result "0-1"]
[WhiteElo "2094"]
[BlackElo "2359"]
[PlyCount "74"]
[EventDate "2016.04.02"]
[EventType "swiss"]
[EventRounds "9"]
[EventCountry "ROU"]
[SourceTitle "CBM 171 Extra"]
[Source "ChessBase"]
[SourceDate "2016.04.26"]
[SourceVersion "1"]
[SourceVersionDate "2016.04.26"]
[SourceQuality "1"]

1. Nf3 Nf6 2. c4 e6 3. g3 b6 4. Bg2 Bb7 5. 0-0 Be7 6. b3 0-0 7. Bb2 d6 8. e3 Nbd7 9. Nc3 Re8 10. d4 Ne4 11. Qe2 Nxc3 12. Bxc3 Nf6 13. Rad1 Qc8 14. d5 e5 15. e4 Bf8 16. Ne1 c6 17. Nd3 Qc7 18. Rc1 Rac8 19. Qc2 Nd7 20. h4 Nc5 21. Nxc5 dxc5 22. Bh3 Rcd8 23. Rcd1 Bd6 24. Rd2 Qe7 25. Rfd1 cxd5 26. exd5 g6 27. Re1 f5 28. Qd1 Qc7 29. Rde2 Re7 30. Bd2 Rf7 31. Qc1 Bc8 32. Bg5 Re8 33. f4 e4 34. h5 gxh5 35. Rh2 Rg7 36. Kh1 Rxg5 37. fxg5 Bxg3 0-1

[Event "ROM-ch"]
[Site "Olanesti"]
[Date "2016.04.03"]
[Round "2"]
[White "Tomici, Stefan"]
[Black "Pisu, Robert Daniel"]
[Result "1/2-1/2"]
[WhiteElo "2359"]
[BlackElo "2118"]
[PlyCount "154"]
[EventDate "2016.04.02"]
[EventType "swiss"]
[EventRounds "9"]
[EventCountry "ROU"]
[SourceTitle "CBM 171 Extra"]
[Source "ChessBase"]
[SourceDate "2016.04.26"]
[SourceVersion "1"]
[SourceVersionDate "2016.04.26"]
[SourceQuality "1"]

1. e4 c6 2. c4 d5 3. exd5 cxd5 4. cxd5 Nf6 5. Nc3 Nxd5 6. Bc4 Nb6 7. Bb3 Nc6 8. Nf3 g6 9. d4 Bg7 10. d5 Na5 11. 0-0 Nxb3 12. Qxb3 Bg4 13. Ng5 0-0 14. Be3 Bxc3 15. Bxb6 axb6 16. bxc3 e6 17. Ne4 exd5 18. Qxd5 Qxd5 19. Nf6+ Kg7 20. Nxd5 Be6 21. Nc7 Ra3 22. Nxe6+ fxe6 23. Rab1 Rxa2 24. Rxb6 Rf7 25. Rxe6 Rc2 26. Re3 Rc7 27. Rb1 R2xc3 28. Rxc3 Rxc3 29. Rxb7+ Kf6 30. g3 h5 31. Kg2 Rc2 32. h3 Ra2 33. Rb8 Kg7 34. Rb6 Rc2 35. Rd6 Rb2 36. Kf3 Ra2 37. Ke3 Rb2 38. Rd2 Rb1 39. Kf4 Rb4+ 40. Ke5 Rb5+ 41. Ke6 Rb6+ 42. Ke5 Rb5+ 43. Ke4 Rb4+ 44. Ke3 Rb1 45. h4 Rb4 46. Rd6 Ra4 47. Rd4 Ra2 48. Rd7+ Kf6 49. f3 Ra4 50. Rd4 Ra5 51. Rf4+ Kg7 52. Rb4 Kf6 53. Rf4+ Kg7 54. Rc4 Kf6 55. Kd4 Rb5 56. Rc6+ Kg7 57. Rc5 Rb3 58. Ke4 Kf6 59. Rc6+ Kg7 60. Rd6 Ra3 61. Kf4 Ra5 62. Re6 Rf5+ 63. Ke4 Ra5 64. Rd6 Ra3 65. g4 hxg4 66. fxg4 Rh3 67. Kf4 Ra3 68. Re6 Kf7 69. Re3 Ra7 70. Kg5 Kg7 71. Re5 Rb7 72. Ra5 Rc7 73. h5 gxh5 74. Kxh5 Rb7 75. Rg5+ Kh7 76. Re5 Kg7 77. Kg5 Ra7 1/2-1/2

[Event "Romanian op"]
[Site "Alba Iulia"]
[Date "2016.03.19"]
[Round "4"]
[White "Tomici, Stefan"]
[Black "Sanduleac, Vasile"]
[Result "1-0"]
[WhiteElo "2310"]
[BlackElo "2396"]
[PlyCount "75"]
[EventDate "2016.03.16"]
[EventType "swiss"]
[EventRounds "9"]
[EventCountry "ROU"]
[SourceTitle "CBM 171 Extra"]
[Source "ChessBase"]
[SourceDate "2016.04.26"]
[SourceVersion "1"]
[SourceVersionDate "2016.04.26"]
[SourceQuality "1"]

1. e4 g6 2. d4 Bg7 3. Nc3 c6 4. h3 d5 5. e5 f6 6. f4 Nh6 7. Nf3 Nf5 8. Bd3 Ng3 9. Rg1 f5 10. Be3 Nd7 11. Ne2 Ne4 12. c3 a5 13. g4 Nb6 14. Ng3 fxg4 15. hxg4 Bxg4 16. Nxe4 dxe4 17. Rxg4 exd3 18. Qxd3 Qd5 19. Nd2 0-0 20. c4 Qd7 21. Rh4 c5 22. d5 Qf5 23. Qxf5 Rxf5 24. Bxc5 g5 25. Rg4 Nd7 26. Bd4 Raf8 27. 0-0-0 Rxf4 28. Rxg5 h6 29. Rg3 Kh7 30. Rdg1 Bh8 31. Be3 Nxe5 32. Bxf4 Rxf4 33. b3 Bf6 34. Re3 Ng6 35. Rf3 Rh4 36. d6 Rd4 37. dxe7 Bxe7 38. Rf7+ 1-0

[Event "Romanian op"]
[Site "Alba Iulia"]
[Date "2016.03.18"]
[Round "3"]
[White "Stoleriu, George"]
[Black "Tomici, Stefan"]
[Result "0-1"]
[WhiteElo "2162"]
[BlackElo "2310"]
[PlyCount "136"]
[EventDate "2016.03.16"]
[EventType "swiss"]
[EventRounds "9"]
[EventCountry "ROU"]
[SourceTitle "CBM 171 Extra"]
[Source "ChessBase"]
[SourceDate "2016.04.26"]
[SourceVersion "1"]
[SourceVersionDate "2016.04.26"]
[SourceQuality "1"]

1. f4 d5 2. b3 Bg4 3. Bb2 e6 4. Nf3 Nf6 5. g3 Nbd7 6. Bg2 Bc5 7. d4 Bb6 8. b4 a5 9. c3 Qe7 10. a3 Bf5 11. Nbd2 Ng4 12. Nf1 h5 13. h3 Ngf6 14. N1d2 Ne4 15. Nxe4 Bxe4 16. 0-0 c6 17. Ne5 Nxe5 18. fxe5 Bxg2 19. Kxg2 f6 20. Qd3 0-0-0 21. Qg6 Rh6 22. exf6 Rxg6 23. fxe7 Re8 24. bxa5 Bxa5 25. a4 Bc7 26. Rf3 Rxe7 27. Kf2 e5 28. Rf8+ Kd7 29. Ba3 Re8 30. Rf7+ Kc8 31. Rg1 exd4 32. cxd4 Rge6 33. Re1 Ba5 34. Rb1 Rxe2+ 35. Kf1 Bc7 36. Rxg7 R2e3 37. Bc5 Rxg3 38. Rxg3 Bxg3 39. Kg2 Bc7 40. Rf1 b6 41. Bb4 Re2+ 42. Kg1 Rb2 43. Rf8+ Kb7 44. Be7 Bg3 45. Rh8 Bf2+ 46. Kf1 Bxd4 47. Rxh5 Rf2+ 48. Ke1 Ra2 49. Rh7 Rxa4 50. h4 Ka6 51. h5 Bc5 52. Bf6 Rf4 53. Bg5 Rg4 54. Rg7 Be7 55. Bh6 Re4+ 56. Kd1 Bf8 57. Rg6 Bxh6 58. Rxh6 Kb5 59. Rh8 c5 60. h6 Kc4 61. h7 Rh4 62. Kc1 Rh2 63. Kb1 d4 64. Kc1 Kc3 65. Kb1 d3 66. Rg8 Rh1+ 67. Ka2 Rxh7 68. Rg3 Kc2 0-1